| LEADER 00000nam 2200000uu 4500 |
| 001 13399120343 |
| 003 BCNR |
| 008 121018s2554||||th 000 0 tha d |
| 041 0 ^atha
|
| 060 4 ^aWA695^bส691ค 2554
|
| 110 1 ^aสำนักงานคุ้มครองสิทธิและช่วยเหลือทางกฎหมายแก่ประชาชน
|
| 245 00 ^aความรู้ด้านคุ้มครองผู้บริโภค (ฉบับประชาชน) /^cสำนักงานคุ้มครองสิทธิและช่วยเหลือทางกฎหมายแก่ประชาชน
|
| 250 ^aพิมพ์ครั้งที่ 3
|
| 260 ^aกรุงเทพฯ :^bสำนักงานคุ้มครองสิทธิและช่วยเหลือทางกฎหมายแก่ประชาชน สำนักงานอัยการสูงสุด,^c2554
|
| 300 ^a271 หน้า :^bภาพประกอบสี ;^c26 ซม.
|
| 650 7 ^aการคุ้มครองผู้บริโภค
|
| 650 7 ^aการคุ้มครองผู้บริโภค^xกฎหมายและระเบียบข้อบังคับ
|
| 650 7 ^aการคุ้มครองผู้บริโภค^xรวมเรื่อง
|
| 710 2 ^aสำนักงานคุ้มครองสิทธิและช่วยเหลือทางกฎหมายแก่ประชาชน
|
| 710 2 ^aสำนักงานอัยการสูงสุด
|
| 999 ^aบรรณารักษ์
|